[Event "Challenge"]
[Site "http://www.queenalice.com/game.php?id=264286"]
[Date "2007.8.31"]
[Round "-"]
[White "carvalho"]
[Black "debia"]
[Result "1-0"]
[WhiteElo "1229"]
[BlackElo "1673"]

1. e4 e5 2. a4 Bc5 3. d3 Qf6 4. Nf3 h6 5. h4 d6 6. b3 Bg4 7. Be2 Qg6 8. Bd2 Nf6
9. Rh3 Bxh3 10. gxh3 Qg2 11. Be3 Bxe3 12. fxe3 Qg3+ 13. Kd2 Qxh3 14. Nc3 Ng4 15.
Qh1 Qg3 16. Rg1 Qf2 17. Rxg4 h5 18. Rg2 Qxg2 19. Qxg2 Nd7 20. Qxg7 O-O-O 21.
Qxf7 Nc5 22. b4 Nd7 23. d4 c6 24. b5 Rdf8 25. Qb3 Nb8 26. d5 c5 27. a5 Rhg8 28.
a6 b6 29. Na4 Rg2 30. Nc3 Rxf3 31. Nd1 Rf4 32. exf4 exf4 33. c4 Rh2 34. Kc2
Rxe2+ 35. Kc1 Rxe4 36. Qd3 Re8 37. Qf5+ Nd7 38. Qxf4 Re5 39. Qd2 Re4 40. Qc2 Nf6
41. Nc3 Rxh4 42. Qf5+ Nd7 43. Ne4 Rh1+ 44. Kd2 Kc7 45. Nf6 Rh2+ 46. Ke3 Ne5 47.
Nd7 Nxc4+ 48. Kf3 Nd2+ 49. Kg3 Rh1 50. Nf6 Rg1+ 51. Kh2 Rf1 52. Qd7+ Kb8 53.
Qxd6+ Kc8 54. Qe6+ Kd8 55. d6 Nf3+ 56. Kg3 h4+ 57. Kg4 h3 58. d7 Nh2+ 59. Kg5
Nf3+ 60. Kh6 Re1 61. Ne4 Nd4 62. Qe8+ 1-0

[Event "Challenge"]
[Site "http://www.queenalice.com/game.php?id=264296"]
[Date "2007.8.31"]
[Round "-"]
[White "carvalho"]
[Black "KILLAH"]
[Result "0-1"]
[WhiteElo "1291"]
[BlackElo "1255"]

1. d4 c6 2. e4 e5 3. dxe5 Bb4+ 4. c3 Ba5 5. g3 Ne7 6. Bg5 f6 7. exf6 O-O 8. fxe7
Qe8 9. b4 Qg6 10. exf8=N Qxe4+ 11. Ne2 Qe5 12. f4 Qf5 13. bxa5 Qxf8 14. Bh3 h6
15. Na3 hxg5 16. fxg5 Qf3 17. Rf1 Qh5 18. Rf2 Qxh3 19. Kd2 b5 20. Qg1 Qh5 21.
Raf1 Qxg5+ 22. Ke1 b4 23. cxb4 Na6 24. Rf8+ Kh7 25. Qd4 c5 26. bxc5 Nxc5 27.
Qxc5 Qxc5 28. g4 Qxa3 29. h4 Qxa2 30. h5 Qxa5+ 31. Kf2 Qc5+ 32. Kg3 Qe3+ 33.
R1f3 Qxe2 34. g5 Qe5+ 35. Kg4 Qe4+ 36. R3f4 Qg2+ 37. Kf5 Qh3+ 38. Rg4 Qxh5 39.
Rd4 d6+ 40. Kf4 Qh4+ 41. Ke3 Qxg5+ 42. Rff4 Qe7+ 43. Rde4 Be6 44. Re5 dxe5 45.
Re4 Qa3+ 0-1

[Event "Challenge"]
[Site "http://www.queenalice.com/game.php?id=264763"]
[Date "2007.9.1"]
[Round "-"]
[White "bruno_3112"]
[Black "carvalho"]
[Result "1-0"]
[WhiteElo "1100"]
[BlackElo "1100"]

1. e4 e5 2. Nf3 f6 3. Nc3 g5 4. d4 Bb4 5. dxe5 Bxc3+ 6. bxc3 fxe5 7. Bxg5 Nf6 8.
Bxf6 Qxf6 9. a4 c6 10. a5 d5 11. exd5 cxd5 12. Qxd5 Nd7 13. Bd3 Nc5 14. Qxc5 Bg4
15. Qb5+ Bd7 16. Qxb7 Ke7 17. Qb4+ Kf7 18. Bc4+ Kg7 19. Qb7 Rhb8 20. Qxd7+ Kg6
21. Bd3+ Kh6 22. Qxh7# 1-0

[Event "Challenge"]
[Site "http://www.queenalice.com/game.php?id=265956"]
[Date "2007.9.3"]
[Round "-"]
[White "bruno_3112"]
[Black "carvalho"]
[Result "0-1"]
[WhiteElo "1187"]
[BlackElo "1094"]

1. d4 e6 2. Nf3 b5 3. g4 a6 4. Bg2 Bb7 5. Bg5 f6 6. Be3 g5 7. Qd3 c6 8. Qg6+
hxg6 9. Nfd2 Nh6 10. h3 a5 11. b3 Be7 12. f4 gxf4 13. Bxf4 g5 14. Be3 f5 15.
gxf5 exf5 16. Bf3 g4 17. hxg4 fxg4 18. Be4 Bb4 19. c3 d5 20. cxb4 axb4 21. Bg6+
Kf8 22. Rf1+ Kg7 0-1

[Event "Challenge"]
[Site "http://www.queenalice.com/game.php?id=271478"]
[Date "2007.9.14"]
[Round "-"]
[White "sdbrasil"]
[Black "carvalho"]
[Result "1-0"]
[WhiteElo "1001"]
[BlackElo "1251"]

1. d4 d5 2. Nf3 Bg4 3. Nh4 g6 4. h3 g5 5. Nf5 Bxf5 6. Nc3 c6 7. Bxg5 b5 8. g4
Be4 9. f3 b4 10. Na4 h6 11. Bc1 e6 12. Bg2 h5 13. Qd2 f5 14. Qf4 Bxc2 15. Nc5
Bh6 16. Qe5 Bxc1 17. Rxc1 Ba4 18. Nxa4 Nd7 19. Qxh8 Ke7 20. Qxh5 Nb6 21. Nc5 Nf6
22. Qg5 a5 23. Qg7+ Kd6 24. Qf7 Ng8 25. Nb7# 1-0

[Event "Challenge"]
[Site "http://www.queenalice.com/game.php?id=277694"]
[Date "2007.9.27"]
[Round "-"]
[White "carvalho"]
[Black "Marcelo_Araujo"]
[Result "0-1"]
[WhiteElo "1197"]
[BlackElo "1752"]

1. d4 Nf6 2. f3 g6 3. e4 d6 4. c3 Bg7 5. g4 O-O 6. h4 b6 7. h5 Bb7 8. b4 c6 9.
a4 Ba6 10. b5 cxb5 11. axb5 Bb7 12. Ne2 Re8 13. g5 Nfd7 14. h6 Bh8 15. Nd2 e5
16. Nc4 exd4 17. cxd4 Qe7 18. e5 dxe5 19. dxe5 Bxf3 20. Rh2 Qb4+ 21. Bd2 Qxc4
22. Ra3 Bh5 23. Rhh3 Rxe5 24. Rhc3 Qxb5 25. Ra1 Nc6 26. Qa4 Qxa4 27. Rxa4 Nc5
28. Rac4 Rae8 29. Bf4 Rxe2+ 30. Bxe2 Bxe2 31. Rxc5 bxc5 32. Rxc5 Nd4 33. Ra5 Nc6
34. Ra6 Bxa6+ 35. Kf2 Bd4+ 36. Kf3 Be2+ 37. Kg3 f5 0-1

[Event "Challenge"]
[Site "http://www.queenalice.com/game.php?id=277948"]
[Date "2007.9.27"]
[Round "-"]
[White "mogerio"]
[Black "carvalho"]
[Result "0-1"]
[WhiteElo "1231"]
[BlackElo "1246"]

1. e4 e5 2. d4 exd4 3. Qxd4 b6 4. Qe5+ Be7 5. Bg5 f6 6. Qxe7+ Kxe7 7. Bd2 Nh6 8.
Nc3 Ng4 9. O-O-O Nxf2 10. Be1 Nxh1 11. Nf3 a5 12. g3 b5 13. Bg2 b4 14. Nb5 c6
15. Nbd4 d5 16. Nf5+ Kf7 17. Bxh1 Bxf5 18. exf5 Nd7 19. Bg2 h5 20. Nd4 h4 21.
gxh4 Rxh4 22. Bxh4 Qh8 23. Nxc6 Qxh4 24. Rd2 Qxh2 25. Rxd5 Qxg2 26. Rxd7+ Kg8
27. Rd8+ Kh7 28. Rxa8 Qxc6 29. Rxa5 g5 30. Ra4 Qxa4 31. b3 Qxa2 32. Kd2 g4 33.
Kd3 g3 34. Ke2 Qxc2+ 35. Kf3 g2 36. Kf4 g1=Q 37. Kf3 Qxb3+ 38. Kf4 Qe6 39. fxe6
b3 40. e7 Qg8 41. e8=Q Qxe8 42. Kf5 b2 43. Kxf6 b1=Q 44. Kg5 Qe2 45. Kf6 Qbf1+
46. Kg5 Qeg2+ 47. Kh5 Qfh1# 0-1

[Event "Challenge"]
[Site "http://www.queenalice.com/game.php?id=284815"]
[Date "2007.10.11"]
[Round "-"]
[White "carvalho"]
[Black "leandropiccolo"]
[Result "1-0"]
[WhiteElo "1289"]
[BlackElo "1253"]

1. d4 e6 2. e4 Nc6 3. c3 Nf6 4. f3 b5 5. Bg5 h6 6. d5 exd5 7. exd5 Ne5 8. f4 Nc4
9. a4 Nxb2 10. Qb3 Nxa4 11. c4 hxg5 12. Qxb5 a6 13. Qxa4 gxf4 14. c5 Nh5 15. Be2
Bxc5 16. Bxh5 Rxh5 17. Qxf4 g5 18. Qc4 Qe7+ 19. Ne2 Rh4 20. g4 Rb8 21. h3 Rb2
22. Nd2 Rb4 23. Qc3 Bb7 24. Ra5 Bd6 25. Nf3 1-0

[Event "Challenge"]
[Site "http://www.queenalice.com/game.php?id=285097"]
[Date "2007.10.12"]
[Round "-"]
[White "carvalho"]
[Black "technicaldraw"]
[Result "0-1"]
[WhiteElo "1197"]
[BlackElo "1903"]

1. d4 Nf6 2. e3 g6 3. b3 Bg7 4. a4 d6 5. g3 O-O 6. h4 Bf5 7. Nc3 Nc6 8. Nf3 Nb4
9. Ba3 Nxc2+ 10. Kd2 Nxa1 11. Qxa1 c6 12. Bh3 Ne4+ 13. Nxe4 Bxe4 14. Ke2 c5 15.
dxc5 Bxa1 16. cxd6 Bxf3+ 17. Kxf3 exd6 18. Rxa1 Qb6 19. Rd1 Rfd8 20. e4 Qxb3+
21. Rd3 Qxd3+ 22. Kf4 Qxa3 23. e5 dxe5+ 24. Kxe5 Qd3 25. f3 Qd4# 0-1

[Event "Challenge"]
[Site "http://www.queenalice.com/game.php?id=285098"]
[Date "2007.10.12"]
[Round "-"]
[White "technicaldraw"]
[Black "carvalho"]
[Result "1-0"]
[WhiteElo "1905"]
[BlackElo "1197"]

1. e4 e5 2. Nf3 f6 3. Nxe5 fxe5 4. Qh5+ g6 5. Qxe5+ Qe7 6. Qxh8 Qg7 7. Qxg7 Bxg7
8. c3 a5 9. d4 b6 10. Bc4 Nf6 11. O-O d6 12. Bg5 Nxe4 13. Re1 Bf5 14. f3 Kd7 15.
fxe4 Be6 16. Bxe6+ Kxe6 17. Nd2 h5 18. Nf3 c5 19. e5 cxd4 20. cxd4 Nc6 21. Rad1
a4 22. d5+ Kd7 23. dxc6+ Kxc6 24. Rxd6+ Kc7 25. Rc1+ Kb7 26. Rd7+ Ka6 27. Rxg7
b5 28. Bd2 Rd8 29. Rc6# 1-0

[Event "Challenge"]
[Site "http://www.queenalice.com/game.php?id=289344"]
[Date "2007.10.19"]
[Round "-"]
[White "carvalho"]
[Black "Marcelo_Araujo"]
[Result "0-1"]
[WhiteElo "1197"]
[BlackElo "1750"]

1. d4 Nf6 2. f4 g6 3. h4 Bh6 4. e3 d5 5. c4 dxc4 6. Bxc4 O-O 7. Qb3 Ne4 8. g4
Bxg4 9. Nc3 Nxc3 10. bxc3 Nd7 11. e4 b6 12. f5 Bxc1 13. Rxc1 Nf6 14. e5 Ne4 15.
e6 Nd6 16. exf7+ Nxf7 17. fxg6 hxg6 18. Kd2 Qd6 19. Rf1 Bf5 20. h5 Kg7 21. Ne2
Qc6 22. Nf4 Nd6 23. Bd5 Ne4+ 24. Kc1 Qxc3+ 25. Qxc3 Nxc3 26. Nxg6 Bxg6 27. hxg6
Rxf1+ 28. Rxf1 Nxd5 29. Rf7+ Kxg6 30. Rf1 Nc3 31. Rf2 Rd8 32. Rc2 Nb5 33. a4
Nxd4 34. Rxc7 e5 35. Rxa7 Rd5 36. Rb7 Ra5 37. Rxb6+ Kf5 38. Rb4 Ne6 39. Kc2 Nc5
40. Rb5 Rxb5 41. axb5 Nd7 42. Kb3 e4 43. Ka4 e3 44. Ka5 e2 45. b6 e1=Q+ 46. Ka6
Qb4 47. b7 Qb6# 0-1

[Event "Challenge"]
[Site "http://www.queenalice.com/game.php?id=289895"]
[Date "2007.10.20"]
[Round "-"]
[White "carvalho"]
[Black "debia"]
[Result "1-0"]
[WhiteElo "1257"]
[BlackElo "1553"]

1. d4 d5 2. Nc3 c6 3. e4 h6 4. h4 h5 5. Be2 Nf6 6. g4 Bxg4 7. Bxg4 hxg4 8. f3 g3
9. b4 Qc7 10. e5 Nh5 11. a4 f6 12. f4 f5 13. b5 e6 14. Nf3 Qf7 15. Ng5 Qg6 16.
a5 Bb4 17. Qd2 Nxf4 18. Qxf4 Bxc3+ 19. Bd2 Bxa1 20. Qxg3 cxb5 21. h5 Rxh5 22.
Rxh5 Qxh5 23. c3 Qh1+ 24. Ke2 Qh5+ 25. Kd3 Nc6 26. Nxe6 Qf7 27. Nxg7+ Kd8 28. e6
Qf6 29. Bg5 Bxc3 30. Bxf6+ Kc8 31. Kxc3 b4+ 32. Kc2 b6 33. e7 Nxe7 34. Bxe7 bxa5
35. Nxf5 Kb7 36. Nd6+ Kc6 37. Bd8 Rxd8 38. Nf7 Re8 39. Qg6+ Kd7 40. Qd6+ Kc8 41.
Qxd5 Re2+ 42. Kd3 Rb2 43. Qxa5 b3 44. Qxa7 Ra2 45. Nd6+ Kd8 46. Qf7 Ra3 47. d5
b2+ 48. Kc2 Rb3 49. Qf1 Kd7 50. Kxb3 b1=Q+ 51. Qxb1 Kxd6 52. Qf5 1-0

[Event "Challenge"]
[Site "http://www.queenalice.com/game.php?id=292294"]
[Date "2007.10.24"]
[Round "-"]
[White "carvalho"]
[Black "FENIX_RJ"]
[Result "0-1"]
[WhiteElo "1291"]
[BlackElo "1568"]

1. Nc3 d5 2. e4 e5 3. d3 d4 4. Nd5 Nc6 5. h4 Bb4+ 6. c3 dxc3 7. bxc3 Ba5 8. h5
f5 9. exf5 Qxd5 10. Nf3 Bxc3+ 11. Bd2 Bxa1 12. Qxa1 e4 13. Qxg7 exf3 14. Qxh8
Bxf5 15. Qxg8+ Qxg8 16. gxf3 Qxa2 17. Bh3 Qa1+ 18. Ke2 Qxh1 19. Bxf5 Nd4+ 20.
Ke3 Rd8 21. Bxh7 Qxf3# 0-1

[Event "Challenge"]
[Site "http://www.queenalice.com/game.php?id=292517"]
[Date "2007.10.24"]
[Round "-"]
[White "ane"]
[Black "carvalho"]
[Result "0-1"]
[WhiteElo "1048"]
[BlackElo "1197"]

1. e4 Nf6 2. e5 Ne4 3. Qe2 d5 4. d3 Nc5 5. d4 Ne6 6. Qe3 g6 7. Nf3 h5 8. h3 h4
9. a3 Bh6 10. Qb3 Bxc1 11. Ke2 b6 12. Nxh4 Rxh4 13. Qa4+ c6 14. g3 Rxd4 15. Nd2
Rxa4 16. Nf3 Bxb2 17. Rd1 Bxa3 18. h4 b5 19. h5 Rc4 20. hxg6 Rxc2+ 21. Nd2 Qd6
22. Ke1 Qxe5+ 23. Be2 fxg6 24. Rh8+ Qxh8 25. Bg4 Qh1+ 26. Ke2 b4 27. Rxh1 Bc1
28. Rh8+ Kd7 29. f3 Bxd2 30. Kd3 b3 31. Rg8 a5 32. Bxe6+ Kxe6 33. Ke2 b2 34. Kd3
b1=Q 35. Rxg6+ Kd7 36. Rg4 Ba6+ 37. Kd4 a4 38. Re4 a3 39. Rf4 a2 40. g4 a1=Q#
0-1

[Event "Challenge"]
[Site "http://www.queenalice.com/game.php?id=293722"]
[Date "2007.10.27"]
[Round "-"]
[White "carvalho"]
[Black "ane"]
[Result "1-0"]
[WhiteElo "1249"]
[BlackElo "1013"]

1. d4 d6 2. b4 a6 3. f4 c6 4. c3 Nd7 5. h4 Ngf6 6. g3 d5 7. h5 b6 8. a4 Ne4 9.
Rh3 Ndf6 10. f5 Bxf5 11. Rh2 Nxg3 12. Bh3 Be4 13. Bf4 Nfxh5 14. Nd2 Bg6 15. e3
Nxf4 16. exf4 Nh5 17. b5 Nxf4 18. Bg4 Nd3+ 19. Ke2 Nf4+ 20. Kf1 Bd3+ 21. Kf2 Bg6
22. bxc6 Rc8 23. Bd7+ Qxd7 24. cxd7+ Kxd7 25. a5 bxa5 26. Rxa5 Ra8 27. Rh4 Ne6
28. Rxd5+ Ke8 29. Qa4# 1-0

[Event "Challenge"]
[Site "http://www.queenalice.com/game.php?id=293725"]
[Date "2007.10.27"]
[Round "-"]
[White "carvalho"]
[Black "alyne_gracyelle"]
[Result "0-1"]
[WhiteElo "1302"]
[BlackElo "1520"]

1. d4 Nf6 2. f4 e6 3. e3 d5 4. b3 Ne4 5. g3 Bb4+ 6. c3 Nxc3 7. Nxc3 Bxc3+ 8. Bd2
Bxa1 9. Qxa1 O-O 10. Bb4 Re8 11. Bb5 c6 12. Bd3 a5 13. Bc3 b5 14. a4 b4 15. Bd2
Nd7 0-1

[Event "Challenge"]
[Site "http://www.queenalice.com/game.php?id=295020"]
[Date "2007.10.29"]
[Round "-"]
[White "dida"]
[Black "carvalho"]
[Result "1-0"]
[WhiteElo "1374"]
[BlackElo "1305"]

1. e4 e5 2. Nc3 d6 3. d3 b6 4. b4 a5 5. b5 c5 6. a4 h5 7. h4 f6 8. g3 g5 9. hxg5
fxg5 10. Rxh5 Rxh5 11. Qxh5+ Kd7 12. Qf7+ Ne7 13. Bxg5 Kc7 14. Nd5+ Kb7 15. Nxe7
Bxe7 16. Bxe7 Qd7 17. Nf3 Ra7 18. Qd5+ Kc7 19. Bxd6+ Kd8 20. Nxe5 Qg7 21. Bxb8+
Rd7 22. Nxd7 Qxd7 23. Qxd7+ Bxd7 24. c4 Kc8 25. Bd6 Bg4 26. e5 Bf3 27. Bh3+ 1-0

[Event "Challenge"]
[Site "http://www.queenalice.com/game.php?id=295789"]
[Date "2007.10.31"]
[Round "-"]
[White "carvalho"]
[Black "mogerio"]
[Result "1-0"]
[WhiteElo "1287"]
[BlackElo "1309"]

1. d4 d5 2. Nc3 Nf6 3. g4 g5 4. b3 Nc6 5. Bxg5 h6 6. Bxf6 exf6 7. e3 Nb4 8. a3
Nc6 9. Bg2 Be6 10. f4 Qd6 11. f5 Bd7 12. Nxd5 O-O-O 13. Nxf6 Qxf6 14. d5 Qc3+
15. Ke2 Qe5 16. a4 Nb4 17. c3 Re8 18. cxb4 Qxe3+ 19. Kf1 Qf4+ 20. Bf3 Qd6 21. b5
a6 22. h4 Bg7 23. Ra2 axb5 24. axb5 Qb6 25. Ra8# 1-0

[Event "Challenge"]
[Site "http://www.queenalice.com/game.php?id=300160"]
[Date "2007.11.7"]
[Round "-"]
[White "carvalho"]
[Black "debia"]
[Result "0-1"]
[WhiteElo "1304"]
[BlackElo "1662"]

1. b4 e5 2. a4 Bxb4 3. c3 Ba5 4. d4 Nc6 5. f3 exd4 6. e4 Qe7 7. Bd2 d6 8. cxd4
Bb6 9. a5 Bxd4 10. Bb5 Bxa1 11. Na3 Bd4 12. Nh3 Bxh3 13. gxh3 Qh4+ 14. Ke2 Qf2+
15. Kd3 Bc5 16. Nc4 Qd4+ 17. Kc2 O-O-O 0-1

[Event "Challenge"]
[Site "http://www.queenalice.com/game.php?id=305234"]
[Date "2007.11.16"]
[Round "-"]
[White "carvalho"]
[Black "theblackfox"]
[Result "0-1"]
[WhiteElo "1291"]
[BlackElo "1682"]

1. d4 d5 2. e3 Nf6 3. f4 Nc6 4. Nf3 Bf5 5. Nc3 Nb4 6. Nh4 Nxc2+ 7. Kd2 Nxa1 8.
Nxf5 e6 9. Qa4+ c6 10. Nh4 Ne4+ 11. Nxe4 dxe4 12. f5 Qxh4 13. fxe6 fxe6 14. b4
a5 15. bxa5 Bd6 16. g3 Qg4 17. Ba3 Qf3 0-1